000 01009nam a2200193Ii 4500
003 JO-AjNU
008 230605s9999||||xx |||||||||||||| ||und||
040 _aJO-AjNU
_bara
_erda
_cJO-AjNU
041 _aara
050 1 4 _aHG4551 2007
100 3 _aكلية الشريعة والقانون، جامعة الامارات العربية المتحدة,
_eauthor
_946407
245 0 0 _aملخصات البحوث والسيرة الذاتية للباحثين: المؤتمر العلمي السنوي الخامس عشر: بحوث مؤتمر أسواق الأوراق المالية والبورصات : آفاق وتحديات 16-18 صفر 1428هجري الموافق 6-8 مارس 2007م
264 3 1 _aالامارات العربية المتحدة: جامعة الامارات، 2007
300 _a346ص
336 _atext
_btxt
_2rdacontent
337 _aunmediated
_bn
_2rdamedia
338 _avolume
_bnc
_2rdacarrier
650 4 _aالاوراق المالية والبورصات - مؤتمرات
_946408
999 _aA20186
_c23754
_d23754